Manual universal de la técnica mecánica para el taller y la oficina técnica: un libro de información teórico-práctica para ingenieros, proyectistas, delineantes, herramentistas y mecánicos en general, indispensable en la oficina de proyectos de máquinas y en la práctica diaria del taller
Saved in:
| Main Authors: | , |
|---|---|
| Format: | Book |
| Language: | Spanish |
| Published: |
Barcelona
Labor
1955
|
| Subjects: | |
| Tags: |
Add Tag
No Tags, Be the first to tag this record!
|
MARC
| LEADER | 00000nam a2200000 a 4500 | ||
|---|---|---|---|
| 001 | UCP2010 | ||
| 003 | CL-VaPUC | ||
| 008 | 990430e19550000SP |||||||||||||||||spa|d | ||
| 082 | 0 | 4 | |a 621.81 |b OBE |2 21 |
| 100 | |a Oberg, Erik |e autor |9 428399 | ||
| 700 | 0 | |a Jones, F. D |e author |9 428400 | |
| 245 | 1 | 0 | |a Manual universal de la técnica mecánica para el taller y la oficina técnica: un libro de información teórico-práctica para ingenieros, proyectistas, delineantes, herramentistas y mecánicos en general, indispensable en la oficina de proyectos de máquinas y en la práctica diaria del taller |
| 300 | |a v | ||
| 942 | |c BK | ||
| 945 | |d 19990430 00:00:00 |a cmena | ||
| 260 | |a Barcelona |b Labor |c 1955 | ||
| 650 | 0 | |a Ingeniería mecánica |9 262089 | |
| 650 | 0 | |a Matemáticas aplicadas |9 342401 | |
| 650 | 0 | |a Maquinaria |9 260482 | |
| 650 | 0 | |a Máquinas herramientas |9 262583 | |
| 650 | 7 | |a BOMBAS |2 CL-VaPUC |9 259418 | |
| 650 | 0 | |a Soldaduras |9 340447 | |
| 650 | 0 | |a Metalurgia |9 263720 | |
| 650 | 0 | |a Metales |9 260686 | |
| 583 | |a last modification |c 19990430 00:00:00 |k Rodrigo Vera | ||
| 999 | |c 280622 |d 280620 | ||
| 952 | |0 0 |1 0 |4 0 |6 621_810000000000000_OBE_1955 |7 0 |8 F |9 321027 |a BIBMEC |b BIBMEC |d 2019-11-20 |h v.1 |i 1342886 |o 621.81 OBE 1955 |p 1342886 |r 2024-01-19 |w 2019-11-20 |y BK_F |k MEC | ||
| 952 | |0 0 |1 0 |4 0 |6 621_810000000000000_OBE_1955 |7 0 |8 F |9 321028 |a BIBMEC |b BIBMEC |d 2019-11-20 |h v.1 |i 1342894 |o 621.81 OBE 1955 |p 1342894 |r 2024-01-19 |w 2019-11-20 |y BK_F |k MEC | ||
| 952 | |0 0 |1 0 |4 0 |6 621_810000000000000_OBE_1955 |7 0 |8 F |9 321029 |a BIBMEC |b BIBMEC |d 2019-11-20 |h v.2 |i 1342908 |o 621.81 OBE 1955 |p 1342908 |r 2024-01-19 |w 2019-11-20 |y BK_F |k MEC | ||